000 01633nam a2200397 c 4500
999 _c51069
_d51069
001 51069
003 ES-MaCES
005 20190507110815.0
008 181220s2018 sp l o000 | spa d
017 _aM 3082-2002
_bDL
020 _a9788447609390
024 7 _a169-18-072-9
_2nipo
024 7 _a057-18-068-1
_2nipo
040 _aES-MaCES
_bspa
_cES-MaCES
110 1 _aEspaña
_tLeyes, etc., de la Función Pública
_93097
245 1 0 _aFunción publica
250 _a2ª ed
260 _a[Madrid]
_bMinisterio de Hacienda
_bMinisterio de Economía y Empresa
_c2018
300 _a280 p.
_c17 cm
490 1 _aTextos legales / separata del Boletín Oficial de los Ministerios de Hacienda y de Economía y Empresa
_v5-2018
500 _aAnteriormente v.a.: Ministerios de Hacienda y Administraciones Públicas Ministerio de Economía y Competitividad ; Textos legales / separata del Boletín Oficial de los Ministerios de Hacienda y Administraciones Públicas y de Economía y Competitividad
500 _aÍndices
541 _cGratuito
650 7 _afunción pública
_927225
650 7 _afuncionario
_927224
650 7 _alegislación económica
_927161
650 4 _aEspaña
_926964
650 4 _atexto
_929624
653 1 0 _aLegislación
710 1 _aEspaña
_bMinisterio de Hacienda
_eed.
_93245
710 1 _939396
_aEspaña
_bMinisterio de Economía y Empresa
_eed.
775 0 _tFunción pública
_w(ES-MaCES)24857
830 0 _aTextos legales / separata del Boletín Oficial de los Ministerios de Hacienda y de Economía y Empresa
_v5-2018
_939395
902 _aLIB Libro
942 _2CES
_cBK
_h6.1.